Biggest Towns and Cities in Yorkshire and the Humber - Statistics

General Stats
  • This quiz has been taken 23 times
    8 since last reset
  • The average score is 12 of 20
Answer Stats
Population First Letter Town/City % Correct
270,806 H Kingston upon Hull
100%
536,321 L Leeds
100%
141,671 Y York
100%
333,931 B Bradford
86%
87,457 D Doncaster
86%
500,552 S Sheffield
86%
71,422 B Barnsley
71%
75,507 H Harrogate
71%
71,542 R Rotherham
71%
97,852 W Wakefield
71%
34,845 B Bridlington
57%
85,911 G Grimsby
57%
141,692 H Huddersfield
57%
63,722 D Dewsbury
43%
48,750 K Keighley
43%
44,500 B Batley
29%
45,355 C Castleford
29%
34,850 P Pudsey
29%
59,497 S Scarborough
29%
33,160 B Brighouse
14%
No matching quizzes found
Score Distribution
Percent of People with Each Score
Percentile by Number Answered
Your Score History
You have not taken this quiz since the last reset